| 000 | 01071nam a2200241 i 4500 | ||
|---|---|---|---|
| 001 | 183976 | ||
| 003 | ES-MaACL | ||
| 005 | 20231112124209.0 | ||
| 008 | 150121s2012 sp abe | |||||||| | spa d | ||
| 020 | _a978-84-937836-6-2 | ||
| 080 | _a94(460.181)"09/12"(063) | ||
| 245 | 0 | 0 |
_aMC aniversario del Reino de León _b: actas de las Jornadas (Benavente-Ciudad Rodrigo-Ponferrada). |
| 260 |
_a[Ciudad Rodrigo] Salamanca : _bCentro de Estudios Mirobrigenses ; _aBenavente : _bCentro de Estudios Benaventanos, _c2012. |
||
| 300 |
_a305 p. : _bil., mapas, planos ; _c24 cm. |
||
| 504 | _aReferencias bibliográficas. | ||
| 651 | 7 |
_aLeón (Reino)- _xHistoria- _vCongresos y asambleas. _9156190 |
|
| 710 | 2 |
_aCentro de Estudios Mirobrigenses. _9156189 |
|
| 710 | 2 |
_aCentro de Estudios Benaventanos "Ledo del Pozo" _9144530 |
|
| 852 |
_aES-MaACL _jA-13333 _9190941 _bR.150330 _cDEPO1 _dOlim: N-6333 _hDonación: Centro de Estudios Benaventanos |
||
| 914 |
_9144530 _aCentro de Estudios Benaventanos "Ledo del Pozo" _ednr |
||
| 942 |
_2udc _cMONOGRAFIA |
||
| 999 |
_c183976 _d183976 |
||